000 01364nam a2200241Ia 4500
999 _c51642
_d51642
001 18633
003 GE_BSU
005 20220919171855.0
008 181216s2013||||ge |||||||||||||| ||geo||
040 _cGE_BSU
041 _ageo
080 _a33 გ-59
100 _aგოგელია, მამუკა
_911604
245 _aეკოლოგიური ტურიზმის განვითარების სტრატეგიების ფორმირება : დისერტაცია /
_cმამუკა გოგელია; სამეცნიერო ხელმძღვანელი რ. ბერიძე; ბათუმის შოთა რუსთაველის სახ-ფო უნ-ტი.
264 _aბათუმი,
_c2013.
300 _a196 გვ.;
_b30 სმ.
653 _aდისერტაცია
653 _aეკოლოგიური ტურიზმის განვითარების სტრატეგიების ფორმირება
653 _aეკონომიკა
700 _aბერიძე, რ.
_e სამეცნიერო ხელმძღვანელი
_91808
710 _aბათუმის შოთა რუსთაველის სახ-ფო უნ-ტი
_911605
942 _cBK
_2udc